Statistics for 「一回だけ使用されている文字」関東編 平成の大合併前版

Click here to take the quiz!

General Stats

  • This quiz has been taken 63 times
  • The average score is 36 of 47

Answer Stats

文字県名解答欄% Correct
茨城県結城市
96%
群馬県桐生市
96%
埼玉県蕨市
94%
千葉県習志野市
93%
千葉県銚子市
93%
東京都葛飾区
93%
東京都練馬区
93%
栃木県壬生町
93%
茨城県つくば市
91%
埼玉県長瀞町
91%
千葉県流山市
91%
千葉県我孫子市
91%
東京都青梅市
91%
東京都狛江市
91%
東京都あきる野市
91%
神奈川県逗子市
91%
埼玉県桶川市
91%
神奈川県箱根町
91%
群馬県嬬恋村
91%
茨城県鉾田町
89%
茨城県鹿嶋市
89%
埼玉県鴻巣市
89%
栃木県烏山町
87%
千葉県鋸南町
87%
埼玉県嵐山町
87%
千葉県袖ケ浦市
85%
茨城県友部町
78%
埼玉県菖蒲町
78%
千葉県夷隅町
78%
千葉県印旛村
78%
埼玉県松伏町
76%
群馬県片品村
76%
栃木県氏家町
76%
茨城県ひたちなか市
70%
千葉県睦沢町
65%
茨城県真壁町
61%
埼玉県都幾川村
57%
群馬県大胡町
56%
千葉県干潟町
52%
埼玉県騎西町
48%
千葉県本埜村
44%
群馬県笠懸町
43%
茨城県茎崎町
41%
茨城県瓜連町
39%
群馬県藪塚本町
37%
群馬県倉渕村
28%
群馬県子持村
28%

Score Distribution

Percentile by Number Answered

Percent of People with Each Score

Your Score History

You have not taken this quiz